Представление документа в формате RUSMARC

ПолеНазваниеЗначение
  Тип записи a
  Библиографический уровень m
001 Контрольный номер RU/IS/BASE/324987528
005 Дата корректировки 20201206204722.8
010 Индекс ISBN __
a ISBN 5-699-10642-1
d Цена 280-00
101 Язык документа __
a Язык текста rus
c Язык оригинала rus
200 Заглавие и сведения об ответственности 1_
a Заглавие Романовы
e Сведения, относящиеся к заглавию судьба царской династии
f Первые сведения об ответственности Грэг Кинг, Пенни Вильсон ; [пер. с англ. С. Головой и А. Голова ; оформ. худож. С. Ляха]
b Общее обозначение материала Текст
210 Выходные данные __
a Место издания М.
c Издательство ЭКСМО
d Дата издания 2005
215 Физическое описание __
a Объем 974, [2] с.
c Иллюстрации/тип воспроизводства ил.
225 Серия __
a Серия Русские биографии
330 Аннотация __
a Аннотация Трагедия царского семейства Романовых и возникшие в связи с этим жестоким убийством зловещие слухи, легенды и мистификации до сих пор будоражат воображение людей во всем мире. Изучив вновь открытые исторические материалы, имеющие отношение к судьбе Романовых, авторы книги тщательно проанализировали факты и сделали неожиданные, и даже сенсационные выводы, во многом противоречащие ранее сложившейся версии событий.
600 Персоналии __
a Персоналии (Фамилия) Романовы
600 Персоналии __
a Персоналии (Фамилия) Николай
600 Персоналии __
a Персоналии (Фамилия) Александра Федоровна
606 Тематические рубрики __
a Основная рубрика История
606 Тематические рубрики __
a Основная рубрика Россия в XVIII в. - 1917 г.
610 Ключевые слова __
a Ключевые слова династии; царские семьи; убийство царской семьи; персоналии; императоры; революции; войны; политические заговоры; историческая литература; исторические факты; исторические документы; исторические исследования
686 Индексы других классификаций __
a Классификационный индекс 63.3(2)5-8
700 Автор _1
a Фамилия Кинг
b Имя Г.
g Полное личное имя Грэг
4 Код отношения 070
702 Вторичная интеллектуальная ответственность _1
a Фамилия Вильсон
b Имя П.
4 Код отношения Автор
g Полное личное имя Пенни
702 Вторичная интеллектуальная ответственность _1
a Фамилия Голова
b Имя С.
4 Код отношения Переводчик
702 Вторичная интеллектуальная ответственность _1
a Фамилия Голова
b Имя А.
4 Код отношения Переводчик
702 Вторичная интеллектуальная ответственность _1
a Фамилия Лях
b Имя С.
4 Код отношения Художник
801 Источник записи _0
a Страна RU
b Организация Муниципальное бюджетное учреждение культуры "Централизованная библиотечная система" г. Сургут (Центральная городская библиотека им. А. С. Пушкина)
g Правила каталогизации КиК/Поспелова
801 Источник записи _1
a Страна RU
b Организация Муниципальное бюджетное учреждение культуры "Централизованная библиотечная система" г. Сургут (Центральная городская библиотека им. А. С. Пушкина)
g Правила каталогизации КиК/Поспелова
852 Данные о местонахождении __
j Шифр хранения 63.3(2)5-8
c Каталожный индекс 63.3(2)53
i Авторский знак К 41
901 Тип документа __
t Тип документа m
903 Характеристики (МАРС) __
a Дата передачи 20100422
990 Данные о заказе (DOS) __
j Количество экземпляров (DOS) 1
t N записи в КСУ для И/У (DOS) 201005